الفكر الوجودي عبر مصطلحه : (Record no. 14213)
[ view plain ]
| 000 -LEADER | |
|---|---|
| fixed length control field | 00447nam a22001217a 4500 |
| 008 - FIXED-LENGTH DATA ELEMENTS--GENERAL INFORMATION | |
| fixed length control field | 100624t xxu||||| |||| 00| 0 eng d |
| 082 ## - DEWEY DECIMAL CLASSIFICATION NUMBER | |
| Edition number | 22 |
| Item number | ذ ر ي |
| Classification number | 142.7 |
| 100 1# - MAIN ENTRY--PERSONAL NAME | |
| 9 (RLIN) | 15203 |
| Personal name | بن ذريل، عدنان |
| 245 ## - TITLE STATEMENT | |
| Title | الفكر الوجودي عبر مصطلحه : |
| Remainder of title | دراسة / |
| Statement of responsibility, etc | عدنان بن ذريل. |
| 260 ## - PUBLICATION, DISTRIBUTION, ETC. (IMPRINT) | |
| Place of publication, distribution, etc | [د. م.] : |
| Name of publisher, distributor, etc | منشورات اتحاد الكتاب العرب ، |
| Date of publication, distribution, etc | 1985. |
| 300 ## - PHYSICAL DESCRIPTION | |
| Extent | 301 ص : |
| Dimensions | 24 سم. |
| 942 ## - ADDED ENTRY ELEMENTS (KOHA) | |
| Source of classification or shelving scheme | Dewey Decimal Classification |
| Item type | Book - Borrowing |
| Withdrawn status | Item status | Source of classification or shelving scheme | Damaged status | Not for loan | Vendor | Home library | Current library | Shelving location | Date acquired | Source of acquisition | Total Checkouts | Full call number | Barcode | Date last seen | Koha item type |
|---|---|---|---|---|---|---|---|---|---|---|---|---|---|---|---|
| Dewey Decimal Classification | Baccah | Central Library | Central Library | Lower Floor | 24/06/2010 | 142.7 بنذ | 000021097 | 15/07/2025 | Book - Borrowing |